| 000 | 01199cad a22002175a 4500 | ||
|---|---|---|---|
| 001 | L152904 | ||
| 008 | 110513s2011 xxk f 000 0 eng d | ||
| 035 | _a(Sirsi) u152904 | ||
| 041 | 0 | _aeng | |
| 050 | 0 | 4 | _a306.1 $2 18 |
| 110 | 2 |
_aCluttons _92064 |
|
| 245 | 0 | 4 |
_aThe financial noose of residential development _h[electronic resource] |
| 260 |
_aLondon _bCluttons _c2011 |
||
| 490 | 0 | _aCluttons Viewpoint | |
| 520 | _aHighlights financial restraints faced by residential property developers since 2008. Banks have withdrawn funding for development schemes, potential homeowners particularly first time buyers are having problems obtaining mortgages and funding for affordable housing schemes is scarce. Alternative ways of raising finance for development schemes are considered include tax increment financing (TIF), joint ventures between landowners and developers and attracting property investors. | ||
| 590 | _aKA NTK | ||
| 651 | 4 |
_aEngland _y886- |
|
| 690 | _aPROPERTY-RESIDENTIAL PROPERTY-RESIDENTIAL PROPERTY DEVELOPMENT | ||
| 856 | 4 | 0 |
_uhttps://www.cluttons.com/clientUpload/news/pdf/Cluttons%27%20viewpoint%20may11.pdf _zView the item free of charge at www.cluttons.com |
| 942 | _n0 | ||
| 999 |
_c112254 _d112254 |
||